| 000 | 00516nam a2200193 a 4500 | ||
|---|---|---|---|
| 005 | 20230602063727.0 | ||
| 008 | 991125s2002 es 000 0 spa u | ||
| 020 | _a9707100362 | ||
| 035 | _aUPN01000132381 | ||
| 049 | _aCG | ||
| 050 | 4 |
_aPQ7298.22 E5 _bA4 |
|
| 100 | 1 |
_aLeñero, Vicente, _d1933- |
|
| 245 | 1 | 4 |
_aLos albañiles / _cVicente Leñero. |
| 260 |
_aMéxico : _bSuma de Letras, _c2002. |
||
| 300 | _a345 p. | ||
| 440 | 0 |
_aPunto de lectura ; _v178.2 |
|
| 650 | 4 |
_aNovela mexicana _94557 |
|
| 905 | _aLibro | ||
| 999 |
_c104536 _d104536 |
||